<?xml version="1.0" encoding="UTF-8"?>
<record
    xmlns:xsi="http://www.w3.org/2001/XMLSchema-instance"
    xsi:schemaLocation="http://www.loc.gov/MARC21/slim http://www.loc.gov/standards/marcxml/schema/MARC21slim.xsd"
    xmlns="http://www.loc.gov/MARC21/slim">

  <leader>01156nam a2200265 a 4500</leader>
  <controlfield tag="001">000028735</controlfield>
  <controlfield tag="003">DO-SdBNP</controlfield>
  <controlfield tag="005">20220518094801.0</controlfield>
  <controlfield tag="007">ta</controlfield>
  <controlfield tag="008">110303s2010    dr ac         000 0 spa d</controlfield>
  <datafield tag="040" ind1=" " ind2=" ">
    <subfield code="a">DO-SdBNP</subfield>
    <subfield code="b">spa</subfield>
    <subfield code="c">BNPHU</subfield>
  </datafield>
  <datafield tag="082" ind1=" " ind2="4">
    <subfield code="a">021.7</subfield>
    <subfield code="b">F356r, 2010</subfield>
    <subfield code="2">22</subfield>
  </datafield>
  <datafield tag="111" ind1="2" ind2=" ">
    <subfield code="a">Feria Regional del Libro la Altagracia</subfield>
    <subfield code="n">(6a. :</subfield>
    <subfield code="d">2010 : 19-24 de octobre</subfield>
    <subfield code="c">La Altagracia, Rep&#xFA;blica Dominicana)</subfield>
    <subfield code="9">55731</subfield>
  </datafield>
  <datafield tag="245" ind1="1" ind2="0">
    <subfield code="a">VI Feria Regional del Libro la Altagracia, 2010 :</subfield>
    <subfield code="b">programa.</subfield>
  </datafield>
  <datafield tag="260" ind1=" " ind2=" ">
    <subfield code="a">La Altagracia Rep&#xFA;blica Dominicana :</subfield>
    <subfield code="b">Direcci&#xF3;n General de la Feria del Libro,</subfield>
    <subfield code="c">2010.</subfield>
  </datafield>
  <datafield tag="300" ind1=" " ind2=" ">
    <subfield code="a">52 p.  :</subfield>
    <subfield code="b">il., retrs. ;</subfield>
    <subfield code="c">23 cm.</subfield>
  </datafield>
  <datafield tag="500" ind1=" " ind2=" ">
    <subfield code="a">Leer te nutre</subfield>
  </datafield>
  <datafield tag="590" ind1=" " ind2=" ">
    <subfield code="a">Inventariado, 2019/VM</subfield>
  </datafield>
  <datafield tag="611" ind1="2" ind2=" ">
    <subfield code="a">Feria Regionaldel Libro</subfield>
    <subfield code="n">(6&#xAA; :</subfield>
    <subfield code="d">2010 :</subfield>
    <subfield code="c">La Altagracia(Rep&#xFA;blica Dominicana)</subfield>
    <subfield code="x">Programas</subfield>
    <subfield code="9">55732</subfield>
  </datafield>
  <datafield tag="650" ind1=" " ind2="4">
    <subfield code="a">Industria del libro</subfield>
    <subfield code="z">Rep&#xFA;blica Dominicana</subfield>
    <subfield code="x">Programas</subfield>
    <subfield code="9">55292</subfield>
  </datafield>
  <datafield tag="650" ind1=" " ind2="4">
    <subfield code="a">Feria del libro</subfield>
    <subfield code="z">La Altagracia (Rep&#xFA;blica Dominicana{Rpara}</subfield>
    <subfield code="y">2010</subfield>
    <subfield code="x">Programas</subfield>
    <subfield code="9">55733</subfield>
  </datafield>
  <datafield tag="650" ind1=" " ind2="4">
    <subfield code="a">Libros</subfield>
    <subfield code="x">Exposiciones</subfield>
    <subfield code="z">La Altagracia (Rep&#xFA;blica Dominicana{Rpara}</subfield>
    <subfield code="9">55734</subfield>
  </datafield>
  <datafield tag="910" ind1=" " ind2=" ">
    <subfield code="a">Validado. Control de calidad EMS</subfield>
  </datafield>
  <datafield tag="942" ind1=" " ind2=" ">
    <subfield code="2">ddc</subfield>
    <subfield code="c">LBS1</subfield>
  </datafield>
  <datafield tag="952" ind1=" " ind2=" ">
    <subfield code="0">0</subfield>
    <subfield code="1">0</subfield>
    <subfield code="2">ddc</subfield>
    <subfield code="5">6</subfield>
    <subfield code="7">0</subfield>
    <subfield code="8">DS</subfield>
    <subfield code="a">BNPHU</subfield>
    <subfield code="b">BNPHU</subfield>
    <subfield code="c">HD</subfield>
    <subfield code="d">2011-04-11</subfield>
    <subfield code="e">Dep&#xF3;sito Legal</subfield>
    <subfield code="o">BNPHU DS 021.7 F356r 2010</subfield>
    <subfield code="p">28735-30</subfield>
    <subfield code="r">2020-06-25</subfield>
    <subfield code="t">e. 3</subfield>
    <subfield code="w">2020-06-25</subfield>
    <subfield code="y">LBS1</subfield>
  </datafield>
  <datafield tag="952" ind1=" " ind2=" ">
    <subfield code="0">0</subfield>
    <subfield code="1">0</subfield>
    <subfield code="2">ddc</subfield>
    <subfield code="5">1</subfield>
    <subfield code="7">0</subfield>
    <subfield code="8">PD</subfield>
    <subfield code="a">BNPHU</subfield>
    <subfield code="b">BNPHU</subfield>
    <subfield code="c">HD</subfield>
    <subfield code="d">2011-04-11</subfield>
    <subfield code="e">Dep&#xF3;sito Legal</subfield>
    <subfield code="o">BNPHU PD 021.7 F356r 2010</subfield>
    <subfield code="p">28735-10</subfield>
    <subfield code="r">2020-06-25</subfield>
    <subfield code="w">2020-06-25</subfield>
    <subfield code="y">LBS1</subfield>
  </datafield>
  <datafield tag="952" ind1=" " ind2=" ">
    <subfield code="0">0</subfield>
    <subfield code="1">0</subfield>
    <subfield code="2">ddc</subfield>
    <subfield code="5">1</subfield>
    <subfield code="7">0</subfield>
    <subfield code="8">PD</subfield>
    <subfield code="a">BNPHU</subfield>
    <subfield code="b">BNPHU</subfield>
    <subfield code="c">HD</subfield>
    <subfield code="d">2011-04-11</subfield>
    <subfield code="e">Dep&#xF3;sito Legal</subfield>
    <subfield code="o">BNPHU PD 021.7 F356r 2010</subfield>
    <subfield code="p">28735-20</subfield>
    <subfield code="r">2020-06-25</subfield>
    <subfield code="t">e. 2</subfield>
    <subfield code="w">2020-06-25</subfield>
    <subfield code="y">LBS1</subfield>
  </datafield>
  <datafield tag="952" ind1=" " ind2=" ">
    <subfield code="0">0</subfield>
    <subfield code="1">0</subfield>
    <subfield code="2">ddc</subfield>
    <subfield code="5">6</subfield>
    <subfield code="7">0</subfield>
    <subfield code="8">DS</subfield>
    <subfield code="a">BNPHU</subfield>
    <subfield code="b">BNPHU</subfield>
    <subfield code="c">HD</subfield>
    <subfield code="d">2022-05-18</subfield>
    <subfield code="e">Donaci&#xF3;n</subfield>
    <subfield code="o">BNPHU DS 021.7 F356r 2010</subfield>
    <subfield code="p">2022-2187</subfield>
    <subfield code="r">2022-05-18</subfield>
    <subfield code="t">e.4</subfield>
    <subfield code="w">2022-05-18</subfield>
    <subfield code="y">LBS1</subfield>
  </datafield>
  <datafield tag="999" ind1=" " ind2=" ">
    <subfield code="c">28227</subfield>
    <subfield code="d">28227</subfield>
  </datafield>
</record>
